Xác suất thống kê
Sách đề cập đến các khái niệm cơ bản và các kết luận phổ quát của lý thuyết xác suất và thống kê ứng dụng.
Na minha lista:
| Autor principal: | |
|---|---|
| Formato: | Livro |
| Idioma: | Undetermined |
| Publicado em: |
Hà Nội
Đại học Quốc gia Hà Nội
1998
|
| Assuntos: | |
| Tags: |
Adicionar Tag
Sem tags, seja o primeiro a adicionar uma tag!
|
| Thư viện lưu trữ: | Trung tâm Học liệu Trường Đại học Cần Thơ |
|---|
| LEADER | 00752nam a2200205Ia 4500 | ||
|---|---|---|---|
| 001 | CTU_28610 | ||
| 008 | 210402s9999 xx 000 0 und d | ||
| 020 | |c 16500 | ||
| 082 | |a 519.2 | ||
| 082 | |b H450/1998 | ||
| 100 | |a Đào, Hữu Hồ | ||
| 245 | 0 | |a Xác suất thống kê | |
| 245 | 0 | |c Đào Hữu Hồ | |
| 260 | |a Hà Nội | ||
| 260 | |b Đại học Quốc gia Hà Nội | ||
| 260 | |c 1998 | ||
| 520 | |a Sách đề cập đến các khái niệm cơ bản và các kết luận phổ quát của lý thuyết xác suất và thống kê ứng dụng. | ||
| 650 | |a Probabilities | ||
| 904 | |i Nguyễn Quang Điền | ||
| 980 | |a Trung tâm Học liệu Trường Đại học Cần Thơ | ||